|
|
|
|
| LEADER |
00000nam0a2200000 4500 |
| 001 |
300584 |
| 005 |
20240814160802.0 |
| 020 |
|
|
|a RU
|b 83-9151
|
| 035 |
|
|
|a (RuTPU)RU\TPU\book\325737
|
| 090 |
|
|
|a 300584
|
| 100 |
|
|
|a 20150713d1983 km y0rusy5003 ca
|
| 101 |
0 |
|
|a rus
|
| 102 |
|
|
|a RU
|
| 105 |
|
|
|a a z 001zy
|
| 200 |
1 |
|
|a Проектирование и эксплуатация шахтных систем кондиционирования воздуха
|f под ред. Ю. А. Цейтлина
|
| 210 |
|
|
|a Москва
|c Недра
|d 1983
|
| 215 |
|
|
|a 261 с.
|c ил.
|
| 300 |
|
|
|a Авт. указаны на обороте тит. л.
|
| 320 |
|
|
|a Библиогр.: с. 252-253
|
| 606 |
|
|
|a Угольные шахты
|x Кондиционирование воздуха
|2 stltpush
|3 (RuTPU)RU\TPU\subj\62848
|9 79903
|
| 610 |
1 |
|
|a проектирование
|
| 610 |
1 |
|
|a эксплуатация
|
| 610 |
1 |
|
|a микроклимат
|
| 610 |
1 |
|
|a микроклимат
|
| 610 |
1 |
|
|a горные выработки
|
| 610 |
1 |
|
|a режимы работы
|
| 610 |
1 |
|
|a холодильные машины
|
| 610 |
1 |
|
|a холодопроизводительность
|
| 610 |
1 |
|
|a холодоносители
|
| 610 |
1 |
|
|a циркуляция
|
| 675 |
|
|
|a 622.418
|z rus
|v 3
|
| 702 |
|
1 |
|a Цейтлин
|b Ю. А.
|g Юрий Анатольевич
|4 340
|
| 801 |
|
0 |
|a RU
|b RuMRKP
|c 19950704
|g psbo
|
| 801 |
|
1 |
|a RU
|b 63413507
|c 20150713
|
| 801 |
|
2 |
|a RU
|b 63413507
|c 20190206
|g RCR
|
| 942 |
|
|
|c BK
|